| 000 | 00657nam a22002057a 4500 | ||
|---|---|---|---|
| 005 | 20251108173032.0 | ||
| 008 | 250721s1998 xx 000 0 ara d | ||
| 082 | 1 | 4 | _aم/345.56202/حسن |
| 100 | 1 |
_aحسني، محمود نجيب _eمؤلف |
|
| 245 | 1 | 0 | _aجرائم الإعتداء على الأموال في قانون العقوبات اللبناني / |
| 250 | _a3 | ||
| 264 | 1 |
_aبيروت : _bالحلبي الحقوقية، _c1998. |
|
| 300 | _aج | ||
| 500 | _aيوجد مج 1 فقط | ||
| 650 | 1 | 7 | _aالقانون الجنائي |
| 650 | 1 | 7 | _aجرائم الأموال |
| 650 | 1 | 7 | _aلبنان |
| 942 |
_2ddc _cREF |
||
| 999 |
_c94530 _d94530 |
||